000
00338nam a2200145Ia 4500
100
_a
Jennings B H
650
_a
Carpentery
942
_c
BK
654
_a
International Books
245
_a
Air Conditining And Refrigreation
260
_b
International Text Book Compony
082
_a
621.5
_b
Jen/Lew
546
_a
ENGLISH
999
_c
27702
_d
27702